Wolverhampton Wanderers Biggest Transfers - Statistics

General Stats
  • This quiz has been taken 53 times
    6 since last reset
  • The average score is 72 of 207
Answer Stats
% Correct
Arrivals Spain RW 22 Adama Traoré 18/19 Middlesbrough €20.00m
100%
Arrivals Mali DM 21 Boubacar Traoré 23/24 Metz €11.00m
100%
Arrivals Mali DM 21 Boubacar Traoré 22/23 Metz €2.00m
100%
Arrivals Portugal LW 21 Diogo Jota 18/19 Atlético Madrid €14.00m
100%
Departures Portugal LW 23 Diogo Jota 20/21 Liverpool €44.70m
100%
Arrivals Brazil ST 24 Matheus Cunha 23/24 Atlético Madrid €50.00m
100%
Departures Brazil ST 26 Matheus Cunha 25/26 Manchester United €74.20m
100%
Arrivals Portugal CM 23 Matheus Nunes 22/23 Sporting CP €47.40m
100%
Departures Portugal CM 25 Matheus Nunes 23/24 Manchester City €62.00m
100%
Departures Ireland RB 28 Matt Doherty 20/21 Tottenham Hotspur €16.80m
100%
Arrivals England CB 21 Maximilian Kilman 18/19 Maidenhead United €4.75m
100%
Departures England CB 27 Maximilian Kilman 24/25 West Ham United €47.50m
100%
Departures England AM 22 Morgan Gibbs-White 22/23 Nottingham Forest €29.50m
100%
Arrivals Ireland CB 21 Nathan Collins 22/23 Burnley €24.30m
100%
Departures Ireland CB 22 Nathan Collins 23/24 Brentford €26.85m
100%
Arrivals Portugal RW 19 Pedro Neto 19/20 Lazio €17.90m
100%
Departures Portugal RW 24 Pedro Neto 24/25 Chelsea €60.00m
100%
Arrivals Algeria LB 20 Rayan Aït-Nouri 21/22 Angers €11.10m
100%
Departures Algeria LB 24 Rayan Aït-Nouri 25/26 Manchester City €36.80m
100%
Arrivals Portugal DM 20 Rúben Neves 17/18 Porto €17.90m
100%
Departures Portugal DM 26 Rúben Neves 23/24 Al Hilal €55.00m
100%
Arrivals Brazil DM 23 André 24/25 Fluminense €22.00m
75%
Arrivals Portugal ST 18 Fábio Silva 20/21 Porto €40.00m
75%
Arrivals Angola RW 23 Hélder Costa 16/17 Benfica €15.00m
75%
Departures Angola RW 26 Hélder Costa 20/21 Leeds United €17.70m
75%
Arrivals South Korea ST 26 Hwang Hee-chan 22/23 RB Leipzig €16.70m
75%
Arrivals Brazil CM 21 João Gomes 22/23 Flamengo €18.70m
75%
Arrivals Portugal CM 31 João Moutinho 18/19 Monaco €5.60m
75%
Arrivals Norway ST 25 Jørgen Strand Larsen 25/26 Celta Vigo €27.00m
75%
Arrivals Norway ST 24 Jørgen Strand Larsen 24/25 Celta Vigo €3.00m
75%
Arrivals Portugal GK 28 José Sá 21/22 Olympiacos €8.00m
75%
Arrivals Belgium DM 24 Leander Dendoncker 19/20 Anderlecht €13.80m
75%
Arrivals Belgium DM 23 Leander Dendoncker 18/19 Anderlecht €1.50m
75%
Departures Belgium DM 27 Leander Dendoncker 22/23 Aston Villa €15.00m
75%
Arrivals Portugal RB 26 Nélson Semedo 20/21 Barcelona €32.00m
75%
Arrivals Mexico ST 28 Raúl Jiménez 19/20 Benfica €38.00m
75%
Arrivals Mexico ST 27 Raúl Jiménez 18/19 Benfica €3.00m
75%
Departures Mexico ST 32 Raúl Jiménez 23/24 Fulham €6.40m
75%
Arrivals Portugal GK 30 Rui Patrício 18/19 Sporting CP €18.00m
75%
Departures Portugal GK 33 Rui Patrício 21/22 Roma €11.80m
75%
Arrivals England CB 22 Conor Coady 15/16 Huddersfield Town €2.80m
50%
Departures England CB 30 Conor Coady 23/24 Leicester City €8.70m
50%
Arrivals Portugal LW 24 Daniel Podence 19/20 Olympiacos €19.60m
50%
Departures Portugal LW 28 Daniel Podence 24/25 Al Shabab €5.00m
50%
Departures Portugal LW 27 Daniel Podence 23/24 Olympiacos €1.50m
50%
Arrivals Portugal RW 21 Francisco Trincão 21/22 Barcelona €6.00m
50%
Arrivals Portugal LW 25 Gonçalo Guedes 22/23 Valencia €32.60m
50%
Departures Portugal LW 28 Gonçalo Guedes 25/26 Real Sociedad €4.00m
50%
Arrivals France CM 25 Jean-Ricner Bellegarde 23/24 Strasbourg €15.00m
50%
Arrivals Spain RB 24 Jonny Otto 18/19 Atlético Madrid €21.00m
50%
Arrivals Ireland ST 25 Kevin Doyle 09/10 Reading €7.60m
50%
Arrivals Gabon CM 29 Mario Lemina 22/23 Nice €11.00m
50%
Departures Gabon CM 31 Mario Lemina 24/25 Galatasaray €2.50m
50%
Departures England LW 26 Matt Jarvis 12/13 West Ham United €9.50m
50%
Arrivals Spain RW 30 Pablo Sarabia 22/23 Paris Saint-Germain €5.00m
50%
Arrivals Italy ST 21 Patrick Cutrone 19/20 Milan €18.00m
50%
Departures Italy ST 22 Patrick Cutrone 19/20 Fiorentina €3.00m
50%
Departures Italy ST 24 Patrick Cutrone 22/23 Como €2.00m
50%
Arrivals Spain ST 20 Rafa Mir 17/18 Valencia €2.00m
50%
Departures Spain ST 24 Rafa Mir 21/22 Sevilla €16.00m
50%
Arrivals Portugal RM 20 Rodrigo Gomes 24/25 Braga €15.00m
50%
Arrivals England CB 28 Roger Johnson 11/12 Birmingham City €8.00m
50%
Arrivals England GK 31 Sam Johnstone 24/25 Crystal Palace €11.90m
50%
Arrivals Austria ST 25 Saša Kalajdžić 22/23 Stuttgart €18.00m
50%
Arrivals Scotland ST 23 Steven Fletcher 10/11 Burnley €7.20m
50%
Departures Scotland ST 25 Steven Fletcher 12/13 Sunderland €15.20m
50%
Arrivals England CM 22 Tommy Doyle 24/25 Manchester City €5.00m
50%
Departures Wales GK 27 Wayne Hennessey 13/14 Crystal Palace €3.65m
50%
Arrivals Ivory Coast CB 27 Willy Boly 18/19 Porto €12.00m
50%
Departures Ivory Coast CB 31 Willy Boly 22/23 Nottingham Forest €2.60m
50%
Arrivals Nigeria ST 24 Ade Akinbiyi 99/00 Bristol City €4.01m
25%
Arrivals Algeria DM 24 Adlène Guedioura 10/11 Charleroi €2.30m
25%
Departures Algeria DM 26 Adlène Guedioura 12/13 Nottingham Forest €1.30m
25%
Arrivals Scotland CM 31 Alex Rae 01/02 Sunderland €1.80m
25%
Arrivals Scotland ST 23 Andy Gray 79/80 Aston Villa €3.00m
25%
Arrivals Mali LW 24 Bakary Sako 12/13 Saint-Étienne €3.80m
25%
Arrivals Scotland LB 27 Barry Douglas 17/18 Konyaspor €1.14m
25%
Departures Scotland LB 28 Barry Douglas 18/19 Leeds United €3.40m
25%
Arrivals DR Congo ST 25 Benik Afobe 18/19 Bournemouth €11.40m
25%
Arrivals DR Congo ST 21 Benik Afobe 14/15 Arsenal €2.60m
25%
Departures DR Congo ST 25 Benik Afobe 18/19 Stoke City €13.50m
25%
Departures DR Congo ST 22 Benik Afobe 15/16 Bournemouth €13.30m
25%
Arrivals Guyana ST 26 Carl Cort 03/04 Newcastle United €3.00m
25%
Arrivals Portugal LW 20 Carlos Forbs 24/25 Ajax €2.50m
25%
Arrivals Belgium ST 23 Cédric Roussel 00/01 Coventry City €2.40m
25%
Departures Belgium ST 25 Cédric Roussel 03/04 Genk €1.00m
25%
Arrivals Portugal LW 21 Chiquinho 21/22 Estoril Praia €3.50m
25%
Arrivals Scotland CB 24 Christophe Berra 08/09 Hearts €3.00m
25%
Arrivals Scotland CM 28 Colin Cameron 01/02 Hearts €2.65m
25%
Arrivals England CB 32 Craig Dawson 22/23 West Ham United €3.75m
25%
Arrivals Wales CM 21 David Edwards 07/08 Luton Town €1.00m
25%
Departures Wales CM 31 David Edwards 17/18 Reading €1.10m
25%
Arrivals England CM 23 David Jones 08/09 Derby County €1.50m
25%
Arrivals Norway LB 23 David Møller Wolfe 25/26 AZ Alkmaar €12.00m
25%
Departures England CB 23 Dion Sanderson 23/24 Birmingham City €2.30m
25%
Departures Scotland ST 24 Dougie Freedman 98/99 Nottingham Forest €1.10m
25%
Arrivals Wales ST 23 Freddy Eastwood 07/08 Southend United €2.25m
25%
Departures Wales ST 24 Freddy Eastwood 08/09 Coventry City €1.80m
25%
Arrivals Northern Ireland CM 21 George Saville 14/15 Chelsea €1.25m
25%
Arrivals Norway ST 28 Håvard Flo 98/99 Werder Bremen €1.00m
25%
Arrivals Senegal ST 26 Henri Camara 03/04 Sedan €2.25m
25%
Departures Senegal ST 28 Henri Camara 05/06 Wigan Athletic €6.45m
25%
Arrivals Angola LW 22 Ivan Cavaleiro 16/17 Monaco €8.00m
25%
Departures Angola LW 26 Ivan Cavaleiro 19/20 Fulham €11.80m
25%
Departures Angola LW 25 Ivan Cavaleiro 19/20 Fulham €5.90m
25%
Arrivals Wales ST 28 Iwan Roberts 96/97 Leicester City €1.49m
25%
Departures Wales ST 29 Iwan Roberts 97/98 Norwich City €1.15m
25%
Arrivals England CM 24 Jamie O'Hara 11/12 Tottenham Hotspur €3.75m
25%
Departures Belgium LB 27 Jelle Van Damme 10/11 Standard Liège €3.50m
25%
Arrivals Colombia RW 27 Jhon Arias 25/26 Fluminense €17.00m
25%
Arrivals England CB 28 Jody Craddock 03/04 Sunderland €2.00m
25%
Arrivals Ireland ST 24 Joe Mason 15/16 Cardiff City €3.90m
25%
Departures England CB 23 Joleon Lescott 06/07 Everton €6.50m
25%
Arrivals Iceland ST 24 Jón Daði Böðvarsson 16/17 Kaiserslautern €3.20m
25%
Arrivals Scotland ST 22 Kenny Miller 01/02 Rangers €4.50m
25%
Departures Scotland DM 27 Kevin McDonald 16/17 Fulham €1.50m
25%
Arrivals Netherlands RB 18 Ki-Jana Hoever 20/21 Liverpool €9.80m
25%
Departures England CB 23 Kortney Hause 19/20 Aston Villa €3.40m
25%
Departures England LB 26 Lee Naylor 06/07 Celtic €1.00m
25%
Departures Scotland ST 23 Leigh Griffiths 13/14 Celtic €1.25m
25%
Arrivals Brazil ST 24 Léo Bonatini 18/19 Al Hilal €4.00m
25%
Departures England AM 22 Luke Cundle 24/25 Millwall €1.20m
25%
Arrivals England RB 17 Luke Matheson 19/20 Rochdale €1.10m
25%
Arrivals England CM 27 Mark Atkins 95/96 Blackburn Rovers €1.00m
25%
Arrivals Ireland LM 25 Mark Kennedy 01/02 Manchester City €3.00m
25%
Arrivals Zimbabwe CM 28 Marshall Munetsi 24/25 Stade Reims €18.00m
25%
Departures Montenegro GK 26 Matija Sarkic 23/24 Millwall €1.40m
25%
Departures England LW 26 Michael Kightly 12/13 Stoke City €3.50m
25%
Arrivals Wales ST 29 Nathan Blake 01/02 Blackburn Rovers €2.25m
25%
Arrivals Serbia CM 26 Nenad Milijaš 09/10 Crvena Zvezda €2.80m
25%
Departures Mali ST 25 Nouha Dicko 17/18 Hull City €3.80m
25%
Departures United States DM 20 Owen Otasowie 21/22 Club Brugge €4.00m
25%
Arrivals Ireland CB 28 Paul Butler 00/01 Sunderland €1.50m
25%
Arrivals England CB 20 Richard Stearman 08/09 Leicester City €1.13m
25%
Departures England CB 26 Richard Stearman 15/16 Fulham €1.38m
25%
Departures Ireland ST 19 Robbie Keane 99/00 Coventry City €9.00m
25%
Arrivals Morocco CB 26 Romain Saïss 16/17 Angers €4.00m
25%
Arrivals Portugal LB 19 Rúben Vinagre 18/19 Monaco €2.25m
25%
Departures Portugal LB 23 Rúben Vinagre 22/23 Sporting CP €10.00m
25%
Departures England LB 23 Ryan Giles 23/24 Luton Town €5.85m
25%
Arrivals Uruguay CB 24 Santiago Bueno 23/24 Girona €12.00m
25%
Arrivals South Korea RW 25 Seol Ki-Hyeon 04/05 Anderlecht €1.80m
25%
Departures South Korea RW 27 Seol Ki-Hyeon 06/07 Reading €1.50m
25%
Arrivals Nigeria CM 24 Seyi Olofinjana 04/05 Brann €2.00m
25%
Departures Nigeria CM 28 Seyi Olofinjana 08/09 Stoke City €3.80m
25%
Arrivals Austria ST 27 Stefan Maierhofer 09/10 Rapid Vienna €2.00m
25%
Departures Austria ST 29 Stefan Maierhofer 11/12 RB Salzburg €1.15m
25%
Arrivals Ireland LM 28 Stephen Hunt 10/11 Hull City €3.60m
25%
Departures England CM 26 Steve Daley 79/80 Manchester City €1.60m
25%
Arrivals England LW 21 Steve Froggatt 94/95 Aston Villa €1.20m
25%
Departures England LW 25 Steve Froggatt 98/99 Coventry City €2.30m
25%
Arrivals France CB 23 Steven Mouyokolo 10/11 Hull City €3.00m
25%
Arrivals England ST 21 Sylvan Ebanks-Blake 07/08 Plymouth Argyle €2.25m
25%
Arrivals Georgia AM 32 Temur Ketsbaia 00/01 Newcastle United €1.40m
25%
Departures Canada RW 21 Theo Corbeanu 23/24 Granada €1.50m
25%
Arrivals England RW 26 Tony Daley 94/95 Aston Villa €1.50m
25%
Arrivals Brazil ST 29 Willian José 20/21 Real Sociedad €3.00m
25%
Departures England CM 16 Alvin Ayman 24/25 Liverpool €2.35m
0%
Arrivals England CM 22 Andrew Surman 09/10 Southampton €1.40m
0%
Departures England CM 23 Andrew Surman 10/11 Norwich City €1.68m
0%
Arrivals France CB 18 Bastien Meupiyou 24/25 Nantes €5.00m
0%
Arrivals Hungary RB 21 Bendegúz Bolla 21/22 Fehérvár €2.00m
0%
Arrivals England LM 25 Ben Marshall 16/17 Blackburn Rovers €1.40m
0%
Departures England LM 27 Ben Marshall 18/19 Norwich City €1.70m
0%
Arrivals Iceland ST 21 Björn Bergmann Sigurðarson 12/13 Lillestrøm €3.00m
0%
Arrivals Portugal CM 20 Bruno Jordão 19/20 Lazio €8.90m
0%
Departures China CM 20 Dai Wai Tsun 20/21 Shenzhen €2.00m
0%
Departures England CB 28 Danny Batth 18/19 Stoke City €3.45m
0%
Arrivals England CB 20 Dean Richards 94/95 Bradford City €2.70m
0%
Arrivals England ST 28 Dean Sturridge 01/02 Leicester City €1.13m
0%
Arrivals England ST 28 Don Goodman 94/95 Sunderland €1.33m
0%
Arrivals Ivory Coast CB 27 Emmanuel Agbadou 24/25 Stade Reims €20.00m
0%
Arrivals Paraguay LW 18 Enso González 23/24 Libertad €6.00m
0%
Arrivals Spain RW 21 Fer López 25/26 Celta Vigo €23.00m
0%
Arrivals Brazil LB 31 Fernando Marçal 20/21 Lyon €2.00m
0%
Arrivals Austria CB 23 Georg Margreitter 12/13 Austria Vienna €2.50m
0%
Arrivals England RB 24 Greg Halford 09/10 Sunderland €2.40m
0%
Departures England CB 26 Greg Halford 11/12 Portsmouth €1.00m
0%
Departures Japan CM 27 Hayao Kawabe 23/24 Standard Liège €1.50m
0%
Departures England RB 23 Jamie Smith 97/98 Crystal Palace €1.50m
0%
Arrivals England CB 24 Jason Shackell 08/09 Norwich City €1.40m
0%
Arrivals Belgium LB 26 Jelle Van Damme 10/11 Anderlecht €3.25m
0%
Arrivals South Korea RW 19 Jeong Sang-bin 21/22 Suwon Bluewings €1.20m
0%
Departures South Korea RW 20 Jeong Sang-bin 22/23 Minnesota United €2.50m
0%
Departures England DM 30 Karl Henry 13/14 Queens Park Rangers €1.20m
0%
Arrivals England RM 27 Kevin Cooper 01/02 Wimbledon €1.50m
0%
Departures Ecuador ST 22 Leonardo Campana 22/23 Inter Miami €2.70m
0%
Departures Ireland CB 17 Mark Connolly 09/10 Bolton Wanderers €1.20m
0%
Arrivals Germany AM 20 Meritan Shabani 19/20 Bayern Munich €1.50m
0%
Arrivals Burkina Faso CB 22 Nasser Djiga 24/25 Crvena Zvezda €12.00m
0%
Arrivals England RB 23 Nathan Byrne 15/16 Swindon Town €1.35m
0%
Departures England CM 26 Neil Emblen 97/98 Crystal Palace €2.50m
0%
Arrivals Netherlands ST 24 Paul Gladon 16/17 Heracles Almelo €2.00m
0%
Departures Portugal LW 21 Pedro Gonçalves 19/20 Famalicão €1.30m
0%
Arrivals Brazil RB 18 Pedro Lima 24/25 Sport Recife €10.00m
0%
Arrivals Congo DM 27 Prince Oniangué 16/17 Stade Reims €2.20m
0%
Arrivals Togo RW 25 Razak Boukari 12/13 Stade Rennais €3.50m
0%
Arrivals Portugal CB 26 Roderick Miranda 17/18 Rio Ave €3.00m
0%
Arrivals Guadeloupe CB 23 Ronald Zubar 09/10 Marseille €3.00m
0%
Arrivals England RM 25 Shaun Newton 01/02 Charlton Athletic €1.00m
0%
Arrivals Portugal CM 26 Silas 03/04 União Leiria €2.25m
0%
Arrivals England CM 23 Simon Osborn 95/96 Queens Park Rangers €1.50m
0%
Arrivals Poland ST 31 Tomasz Frankowski 05/06 Elche €2.00m
0%
Arrivals Mali DM 23 Tongo Doumbia 12/13 Stade Rennais €2.50m
0%
Departures Mali DM 25 Tongo Doumbia 14/15 Toulouse €1.20m
0%
Departures England CM 26 Tony Dinning 01/02 Wigan Athletic €1.13m
0%
Arrivals Colombia CB 20 Yerson Mosquera 21/22 Atlético Nacional €5.20m
0%
No matching quizzes found
Score Distribution
Percent of People with Each Score
Percentile by Number Answered
Your Score History
You have not taken this quiz since the last reset